000 00210 a2200097 4500
001 45231
100 _aKermode A.C
245 _aMechanics of flight
260 _aLondon
_bPitman
_c1972
090 _c28420
_d28420
942 _aNUST-CAE
_cM
_c20470
999 _c280304
_d280304